000 00965nam a2200277 4500
001 0000018563
003 CO-CtgCURN
005 20250509151446.0
007 ta
008 160627s2001 000 0 eng d
020 _a9586902455
040 _aCO-CtgCURN
_bspa
_ccoctgcurn
082 0 _a340.112
_bV42d
100 1 _aVictoria Ochoa, Diego Fernando.
245 1 0 _aDerecho y valor /
_cDiego Fernando Victoria Ochoa.
260 _aBogotá :
_bLeyer,
_c2001.
300 _a156 p.
336 _2rdacontent
337 _2rdamedia
_asin mediacion
_bn
338 _2rdacarrier
_avolumen
_bnc
505 8 _aEl valor de los esquemas generales del pensamiento filosofico.--El valor en los esquemas de pensamiento de la ciencia juridica.--El problema epistemologico del valor juridico
650 1 4 _aFilosofia del derecho.
908 _a160627
942 _cBK
_h340.112
_iV42d
_2ddc
_n0
999 _c18783
_d18783